Meilleurs Scoreurs par nationalité - Statistiques

Statistiques générales
  • Ce quiz a été pris 64 fois
  • Le résultat moyen est 12 sur 85
Statistiques - réponses
Pays Joueur Points % Correct
France Tony Parker 19473
96%
Etats-Unis Kareem Abdul-Jabbar 38387
88%
Allemagne Dirk Nowitzki 31560
79%
Grèce Giannis Antetokounmpo 13528
74%
Argentine Manu Ginobili 14043
67%
Espagne Pau Gasol 20894
67%
Cameroun Joel Embiid 7563
56%
Chine Yao Ming 9247
54%
Finlande Lauri Markkanen 3955
42%
Australie Patty Mills 7265
40%
Canada Steve Nash 17387
40%
Monténégro Nikola Vucevic 11969
39%
Lettonie Kristaps Porzingis 5995
35%
Japon Rui Hachimura 1513
33%
République Démocratique du Congo Dikembe Mutombo 11729
32%
Bosnie-Herzégovine Jusuf Nurkic 4860
32%
Italie Danilo Gallinari 10957
28%
Slovénie Goran Dragic 12086
28%
Suisse Clint Capela 5498
25%
Philippines Jordan Clarkson 8725
23%
Nouvelle-Zélande Steven Adams 5945
21%
Turquie Hedo Turkoglu 11022
19%
Soudan Manute Bol 1599
19%
Serbie Peja Stojakovic 13647
14%
Ukraine Alex Len 4336
12%
Croatie Toni Kukoc 9810
12%
République Dominicaine Al Horford 12714
11%
Géorgie Zaza Pachulia 7414
11%
Royaume-Uni Luol Deng 13361
9%
Bahamas Mychal Thompson 12810
9%
Brésil Nene 10909
9%
République Tchèque Tomas Satoransky 2566
9%
Russie Adrei Kirilenko 9431
7%
Autriche Jakob Poeltl 2675
7%
Pays-Bas Rik Smits 12871
7%
Lituanie Zydrunas Ilgauskas 10976
5%
Nigeria Al-Farouq Aminu 5350
4%
Mali Cheick Diallo 958
4%
Belgique D.J. Mbenga 414
4%
Roumanie Gheorghe Muresan 3020
4%
Sénégal Gorgui Dieng 4432
4%
Pologne Marcin Gortat 7951
4%
Portugal Neemias Queta 19
4%
Israel Omri Casspi 4642
4%
Tunisie Salah Mejri 693
4%
Angola Bruno Fernando 303
2%
Gabon Chris Silva 189
2%
Mexique Eduardo Najera 3052
2%
Suède Jonas Jerebko 3919
2%
Jamaique Roy Hibbert 6611
2%
Norvège Toirgeir Bryn 4
2%
Egypte Alaa Abdelnaby 1465
0%
Ghana Amida Brimah 13
0%
Uruguay Esteban Batista 121
0%
Dominique Garth Joseph 2
0%
Venezuela Greivis Vasquez 3591
0%
Iran Hamed Haddadi 339
0%
Corée du Sud Ha Seung-Jin 70
0%
Tanzanie Hasheem Thabeet 483
0%
Libye Hiram Fuller 8
0%
Ouganda Ishmail Wainright 51
0%
Liban Jackson Vroman 285
0%
Colombie Jaime Echenique 0
0%
Qatar Jarvis Hayes 3553
0%
Bolivie Josh Reaves 8
0%
Antigua et Barbuda Julius Hodge 28
0%
Trinité-et-Tobago Ken Charles 2747
0%
Hongrie Kornel David 549
0%
Cuba Lazaro Borrell 62
0%
Bielorussie Maalik Wayns 78
0%
Guinée Mamadi Diakité 68
0%
Indonésie Marques Bolden 7
0%
Estonie Martin Muursepp 389
0%
Irlande Marty Conlon 2454
0%
Côte d'ivoire Matt Costello 4
0%
Belize Milt Palacio 2243
0%
Haiti Olden Polynice 8265
0%
Macédoine du Nord Pero Antic 708
0%
Islande Petur Gudmundsson 693
0%
Bulgarie Priest Lauderdale 255
0%
Guyana Rawle Marshall 170
0%
Slovaquie Richard Petruska 53
0%
Panama Rolando Blackman 17623
0%
Cap Vert Walter Tavares 33
0%
Soudan du Sud Wenyen Gabriel 149
0%
Aucun quiz correspondant
Distribution des résultats
% des personnes avec chaque résultat
Percentile par nombre de réponses
Votre historique - résultats
Vous n’avez pas pris ce quiz